Řízení vědeckotechnického rozvoje v socialistické ekonomice

Uložené v:
Podrobná bibliografia
Hlavný autor: Gürlich, Josef
Médium: Kniha
Jazyk:Czech
Vydavateľské údaje: Praha Ústředí vědeckých, technických a ekonomických informací 1987
Tagy: Pridať tag
Žiadne tagy, Buďte prvý, kto otaguje tento záznam!

MARC

LEADER 00000nam a2200000 4500
001 c032306
005 20251204103051.1
041 0 |a cze 
044 |a CZ 
245 1 0 |a Řízení vědeckotechnického rozvoje v socialistické ekonomice  |c Josef Gürlich 
264 1 |a Praha  |b Ústředí vědeckých, technických a ekonomických informací  |c 1987 
300 |a 95 s. 
100 1 |a Gürlich, Josef